000 01378cam a2200385 i 4500
999 _c254
_d254
001 17401851
003 ALUPE UNIVERSITY
005 20210610103509.0
008 120725s2010 mau b 000 0 eng
010 _a 2012450749
020 _a9780312592509 (v. 1)
020 _a0312592507 (v. 1)
020 _a9780312592516 (v. 2)
020 _a0312592515 (v. 2)
040 _aDLC
_beng
_cDLC
_erda
042 _apcc
043 _ae------
050 0 0 _aCB245
_b.S584 2010
245 0 0 _aSources of western society.
264 1 _aBoston :
_bBedford/St. Martin,
_c[2010]
300 _a2 volumes ;
_c24 cm.
336 _atext
_2rdacontent
337 _aunmediated
_2rdamedia
338 _avolume
_2rdacarrier
504 _aIncludes bibliographical references.
505 0 _av. 1. From antiquity to the Enlightenment / compiled by John P. McKay -- v. 2. Absolutism to the present / compiled by John Beeler, Charles Clark.
650 0 _aCivilization, Western
_xHistory
_vSources.
651 0 _aEurope
_xCivilization
_vSources.
700 1 _aMcKay, John P.,
_eeditor of compilation.
700 1 _aBeeler, John F.
_q(John Francis),
_d1956-
_eeditor of compilation.
700 1 _aClark, Charles
_q(Charles P.)
_eeditor of compilation.
906 _a0
_bibc
_corignew
_d2
_encip
_f20
_gy-gencatlg
942 _2lcc
_cBK
_nDO